Fundamentals of logic /

Guardado en:
Autor Principal: Smullyan, Arthur.
Formato: Libro
Idioma:English
Publicado: Englewood Cliffs, N.J. : Prentice-Hall, 1962.
Series:Prentice-Hall philosophy series
Materias:
Etiquetas: Agregar Etiqueta
Sin Etiquetas, Sea el primero en etiquetar este registro!
LEADER 00622cam a22001935a 4500
001 MAT.inmabb003927
008 720808s1962####nju######b####001#0#eng##
005 20151123143649.0
245 1 0 |a Fundamentals of logic /  |c Arthur Smullyan. 
260 |a Englewood Cliffs, N.J. :  |b Prentice-Hall,  |c 1962. 
300 |a 127 p. 
440 0 |a Prentice-Hall philosophy series 
504 |a Incluye referencias bibliográficas (p. 127) e índice. 
100 1 |a Smullyan, Arthur. 
650 0 |a Logic. 
084 |a 03-01 (03Bxx)  |2 msc2000 
010 |a  62016662  
040 |a DLC  |c ODaWU  |d OCoLC  |d Uk  |d DLC 
859 |h 03  |i Sm6665  |p A-2510  |b BIB. MATEMATICA